| 000 | 00759nac a22001931u 4500 | ||
|---|---|---|---|
| 010 | _a2004047193 | ||
| 020 | _a0273687859 | ||
| 082 | 0 | 0 |
_a658.8 _bB8239 |
| 090 |
_c1212 _d1212 |
||
| 100 | _aBrassington, Frances. | ||
| 245 | 1 | 0 |
_aEssentials of marketing / _cFrances Brassington and Stephen Pettitt. |
| 260 |
_aHarlow, England : _bPrentice Hall Financial Times, an imprint of Pearson Education, _cc2005. |
||
| 300 |
_avii, [4], 511 p. : _bill. ; _c27 cm. |
||
| 504 | _aIncludes bibliographical references and index. | ||
| 650 | 0 | _aMarketing. | |
| 700 | 1 | _aPettitt, Stephen. | |
| 942 |
_cBB _k658.8B8239 |
||
| 999 |
_c1212 _d1212 |
||